00280nam a2200121Ia 45000030006000000080041000060400015000471000016000622450033000782600018001115460012001290050017001410STCL150530s9999 xx 000 0 und d aSTCLcSTCL aHugh Walker aEnglish satine and satirists bS.Chandc1950 aEnglish20220125170857.0